| 000 | 00366nam a2200109Ia 4500 | ||
|---|---|---|---|
| 008 | 171204s9999 xx 000 0 und d | ||
| 245 | _aGestures of Seeing in Film, Video and Drawing: | ||
| 245 | _cAsbjørn Grønstad, Henrik Gustafsson, and Øyvind Vågnes | ||
| 260 | _c2016 | ||
| 650 | _xINTRODUCTION TO FILM | ||
| 856 | _uhttp://down.ebook777.com/055/1138673846.pdf | ||
| 999 |
_c346115 _d346115 |
||